000 00783nam a22002417a 4500
003 URS
005 20250820153459.0
008 250820b |||||||| |||| 00| 0 eng d
040 _erda
_cURS
_bEnglish
050 0 0 _aRT41
_b.St92 2026
100 _aStromberg, Holly K.,
_eauthor.
_96385
245 0 0 _aMedical-surgical nursing :
_bconcepts and practice /
_cHolly K. Stromberg.
250 _a6th ed.
264 _aSt. Louis Missouri :
_bElsevier,
_c©2026.
300 _axxix, 1204 pages :
_bcolor illustrations ;
_c28 cm.
336 _atext
_btxt
_2rdacontent
337 _aunmediated
_bn
_2rdamedia
338 _avolume
_bnc
_2rdacarrier
504 _aIncludes bibliographical references and index.
650 0 _aNursing.
_91023
650 0 _aSurgical nursing.
_91085
942 _2lcc
_cR
999 _c84484
_d84482